[Event "45th Olympiad 2024"]
[Site "Budapest HUN"]
[Date "2024.09.14"]
[Round "4.86"]
[Board "4"]
[White "Antonio, Kyell-Jean"]
[Black "Smith, Michael ISV"]
[Result "1-0"]
[WhiteElo "1763"]
[BlackElo "1718"]
[PlyCount "69"]
[EventDate "2024.09.11"]
[WhiteTeam "Aruba"]
[BlackTeam "US Virgin Islands"]
[WhiteTeamCountry "ARN"]

1. e4 e6 2. d3 d5 3. Nd2 Bd6 4. g3 ({RR} 4. Qg4 Bf8 5. Qe2 Nc6 6. c3 Nge7 7. Ngf3 g6 8. h4 h6 9. e5 a5 10. d4 b6 11. Qd1 Bg7 12. h5 g5 13. Nh2 Qd7 14. a4 f5 15. exf6 Bxf6 16. Ng4 Bg7 17. Nf3 O-O 18. Bb5 Ba6 {½-½ Davies,N (2450)-Chernin,A (2560) Saint John op-2 1988}) 4... d4 $146 ({RR} 4... Ne7 5. Bg2 O-O 6. f4 c5 7. Ngf3 Nbc6 8. O-O Bc7 9. c3 b6 10. Re1 Ba6 11. Bf1 dxe4 12. Nxe4 Nf5 13. Qc2 Qe7 14. b3 Rfd8 15. Bb2 Rac8 16. Rad1 b5 17. a3 b4 18. c4 Ncd4 19. Nxd4 {1-0 Friederich,E-Krause,O Baden VLS 0203 2002 (4.7)}) ({RR} 4... Ne7 5. Bg2 f6 6. Ne2 O-O 7. O-O c5 8. c3 Nbc6 9. f4 Kh8 10. Nf3 Rb8 11. Kh1 b5 12. Qe1 b4 13. Neg1 a5 14. e5 Bc7 15. exf6 gxf6 16. c4 Nf5 17. Ne2 d4 18. g4 Nfe7 19. Qh4 {1-0 Wieczorek,Z (2107)-Malek,O (2032) Titled Tue 19th Dec Late 2023 (3)}) ({RR} 4... b6 5. f4 dxe4 6. Nxe4 Bb7 7. Bg2 Nc6 8. Qg4 g6 9. Bd2 {½-½ Billing,A (1844)-Bachhuber,D Schwaben-chD 2008 (7)}) 5. Ngf3 e5 6. Bg2 Nf6 7. O-O b5 8. Nxd4 Bg4 9. N4f3 c5 10. h3 Bd7 11. Nh4 O-O 12. Nf5 Be6 13. f4 Nc6 14. Nxd6 Qxd6 15. f5 Bd7 16. g4 h6 17. h4 Nh7 18. Nf3 Nd4 19. g5 hxg5 20. Nxg5 Nf6 21. c3 Nc6 22. Qf3 b4 23. Nh3 Rab8 24. Rf2 Bc8 25. Bf1 a5 26. Rg2 Kh8 27. Be2 Rg8 28. Qe3 Ba6 29. Nf2 Ne7 30. Qg5 Bb7 31. Ng4 Nh7 32. Qh5 g6 33. fxg6 Qxg6 34. Qxe5+ Nf6 35. Qxe7 1-0

[Event "45th Olympiad 2024"]
[Site "Budapest HUN"]
[Date "2024.09.14"]
[Round "4.87"]
[Board "1"]
[White "Christopher, Art"]
[Black "Bodin-Hullin, Thomas"]
[Result "0-1"]
[WhiteElo "1779"]
[BlackElo "1855"]
[PlyCount "56"]
[EventDate "2024.09.11"]
[WhiteTeam "British Virgin Islands"]
[BlackTeam "Senegal"]
[WhiteTeamCountry "IVB"]
[BlackTeamCountry "SEN"]

1. d4 Nf6 2. c4 g6 3. Nc3 d5 4. cxd5 Nxd5 5. e4 Nxc3 6. bxc3 Bg7 7. f4 O-O 8. Nf3 c5 9. Bc4 Nc6 10. Be3 Bg4 11. e5 cxd4 12. cxd4 Bxf3 $146 ({RR} 12... Rc8 13. Be2 Nb4 14. Kf2 Nc2 15. Rc1 Nxe3 16. Kxe3 Qa5 17. Qd2 Qa3+ 18. Kf2 Be6 19. d5 Rfd8 20. Rxc8 Bxc8 21. Bc4 Qc5+ 22. Qd4 Qa3 23. Rd1 b5 24. Rd3 Qa5 25. Qc5 Bd7 26. Ra3 Qb6 27. Qxb6 {1-0 Krapivina,R (2103)-Kuteneva,G Novokuznetsk-ch op 2007 (7)}) 13. gxf3 e6 14. Ke2 Ne7 15. Qb3 Rb8 16. a4 a6 17. Rhd1 b5 18. axb5 axb5 19. Bd3 Nd5 20. Be4 Nxe3 21. Kxe3 Qh4 22. Rg1 h5 23. Bxg6 fxg6 24. Qxe6+ Kh8 25. Qxg6 Qxf4+ 26. Ke2 Qxf3+ 27. Ke1 Qf2+ 28. Kd1 Qxd4+ 0-1

[Event "45th Olympiad 2024"]
[Site "Budapest HUN"]
[Date "2024.09.14"]
[Round "4.87"]
[Board "2"]
[White "Lesbros, Bernard"]
[Black "Potter, Simon"]
[Result "1-0"]
[WhiteElo "1938"]
[BlackElo "1663"]
[PlyCount "45"]
[EventDate "2024.09.11"]
[WhiteTeam "Senegal"]
[BlackTeam "British Virgin Islands"]
[WhiteTeamCountry "SEN"]
[BlackTeamCountry "IVB"]

1. Nf3 Nf6 2. c4 d6 3. d4 Bg4 4. Qb3 b6 ({RR} 4... Bxf3 5. gxf3 Qc8 6. f4 g6 7. Nc3 Bh6 8. Bg2 Nc6 9. d5 Nb8 10. h4 Nbd7 11. Bf3 Bg7 12. h5 Nxh5 13. Bxh5 gxh5 14. f3 Rg8 15. Be3 Bxc3+ 16. Qxc3 Nf6 17. Qd3 Qd7 18. Bd4 Rg6 19. a3 {1-0 LCZero0.31-dag-5350a2e-BT4-61 (3634)-Stockfishdev-20240513-e608eab (3662) TCEC 26 Superfinal 2024 (85.1)}) 5. g3 Bxf3 ({RR} 5... Nbd7 6. Bg2 Rb8 7. Nc3 e5 8. Be3 Be7 9. Rd1 Bxf3 10. Bxf3 O-O 11. O-O Re8 12. Qa4 a5 13. Bc6 Rf8 14. h3 exd4 15. Bxd4 Nc5 16. Qc2 Qc8 17. Kh2 Qe6 18. b3 Na6 19. a3 Nc5 20. f4 {1-0 Burdalev,K (2349)-Dovzhenko,V (2044) 35th Czech Rapid G1 2024 (4.15)}) 6. Qxf3 $146 ({RR} 6. exf3 e5 7. dxe5 dxe5 8. Qb5+ Nbd7 9. Bg2 Rc8 10. O-O a5 11. f4 Bd6 12. fxe5 Bxe5 13. Rd1 O-O 14. Bg5 c6 15. Qb3 Qc7 16. f4 Bd6 17. Bh3 Rce8 18. Nc3 Bc5+ 19. Kh1 Re3 20. f5 Rf3 {½-½ Estopanan Olivan,A-Valladolid Martin,L Zaragoza La Salle op 1995 (6)}) 6... d5 7. Nc3 c6 8. Bg5 h6 9. Bxf6 gxf6 10. cxd5 Qd6 11. dxc6 Nxc6 12. e3 Rc8 13. Bb5 Kd8 14. O-O Bg7 15. Rac1 e6 16. Ba6 Rb8 17. Nb5 Qd5 18. Qxd5+ exd5 19. Rxc6 Ra8 20. Rfc1 Ke7 21. Rc7+ Kd8 22. Nd6 Rf8 23. Bb5 1-0

[Event "45th Olympiad 2024"]
[Site "Budapest HUN"]
[Date "2024.09.14"]
[Round "4.87"]
[Board "3"]
[White "Samuel, Jhon"]
[Black "Marochkina, Nadezhda Valerevna"]
[Result "0-1"]
[WhiteElo "1545"]
[BlackElo "1792"]
[PlyCount "98"]
[EventDate "2024.09.11"]
[WhiteTeam "British Virgin Islands"]
[BlackTeam "Senegal"]
[WhiteTeamCountry "IVB"]
[BlackTeamCountry "SEN"]

1. d4 d5 2. c4 Nf6 3. Nc3 c6 4. e3 Bg4 5. Nf3 e6 6. cxd5 exd5 7. Be2 Bd6 8. h3 Bh5 9. Ne5 ({RR} 9. O-O Nbd7 10. Nh4 Bxe2 11. Qxe2 O-O 12. Nf5 Bc7 13. Qf3 Re8 14. Re1 g6 15. Nh6+ Kg7 16. e4 dxe4 17. Nxe4 Rxe4 18. Rxe4 Nxe4 19. Qxf7+ Kh8 20. Qe6 Qe8 21. Nf7+ Kg7 22. Bh6+ Kg8 23. Ng5+ Qxe6 {0-1 Mohammed,D (2103)-Hambleton,A (2420) Titled Tue 7th Mar Early 2023 (5)}) 9... Bxe2 10. Qxe2 Nbd7 11. f4 $146 ({RR} 11. Nxd7 Qxd7 12. a3 O-O 13. O-O Rfe8 14. Qd3 Ne4 15. Bd2 Re6 16. Be1 Rae8 17. Nxe4 Rxe4 18. Bd2 Rh4 19. f3 Bg3 20. Be1 Qd6 21. Qd2 Re6 22. Bxg3 Qxg3 23. Qf2 Rxh3 24. Qxg3 Rxg3 25. Kf2 Rgg6 {0-1 Sipka,Z (2040)-Nagy,B HUN-chT3 Hungary 1997}) 11... Ne4 12. Nxe4 dxe4 13. O-O Nf6 14. a4 O-O 15. b3 Nd5 16. Bb2 f5 17. Ba3 Bxa3 18. Rxa3 Qe7 19. Raa1 Qb4 20. Qc4 Rad8 21. Qxb4 Nxb4 22. Rac1 Rfe8 23. Rfd1 Rd5 24. Rc5 Red8 25. Rxd5 Nxd5 26. Kf2 Kf8 27. Ke2 Nc3+ 28. Kd2 Nxd1 29. Kxd1 c5 30. d5 Rxd5+ 31. Kc2 g5 32. g3 Ke7 33. Kc1 gxf4 34. gxf4 Rd6 35. Kc2 Rh6 36. h4 Rxh4 37. Kd2 Rh2+ 38. Kc1 h5 39. Nc4 b6 40. Kd1 h4 41. Ke1 Rc2 42. Kf1 Rc3 43. Kf2 Rxb3 44. Ne5 Rb2+ 45. Kf1 Ke6 46. Nc4 Rb4 47. Ne5 Rxa4 48. Kg2 Ra3 49. Nc4 Rc3 0-1

[Event "45th Olympiad 2024"]
[Site "Budapest HUN"]
[Date "2024.09.14"]
[Round "4.88"]
[Board "2"]
[White "Senglek, Khonsavanh"]
[Black "Winston Gerald, Mansfield Thomas"]
[Result "1/2-1/2"]
[WhiteElo "1591"]
[BlackElo "1950"]
[PlyCount "128"]
[EventDate "2024.09.11"]
[WhiteTeam "Laos"]
[BlackTeam "Sierra Leone"]
[WhiteTeamCountry "LAO"]
[BlackTeamCountry "SIE"]

1. e4 d6 2. d4 Nf6 3. Bd3 c6 4. c3 ({RR} 4. h3 e5 5. Nf3 Be7 6. O-O Nbd7 7. c3 O-O 8. Nbd2 Qc7 9. Re1 c5 10. dxe5 dxe5 11. a4 b6 12. Bc4 Bb7 13. Qb3 h6 14. Nh4 Nxe4 15. Ng6 Ndf6 16. Nxf8 Rxf8 17. Nxe4 Bxe4 18. a5 Bd8 {1-0 Novak,I (2330)-Krajnak,M (2255) SVK-chT2 9697 1996 (10)}) 4... Qc7 ({RR} 4... g6 5. Bf4 Qb6 6. Qb3 Qc7 7. Nf3 Nbd7 8. Nbd2 Nh5 9. Ng5 e6 10. Be3 Bg7 11. O-O O-O 12. Ngf3 e5 13. Rfe1 b5 14. Rac1 Nb6 15. Nf1 Be6 16. Qd1 Bxa2 17. b3 d5 18. Qc2 Bxb3 19. Qxb3 {0-1 Wang,B-Mi,G (1505) Shijiazhuang op 2nd 2016 (4)}) 5. Nf3 $146 ({RR} 5. f4 g6 6. Nf3 Bg7 7. O-O Bg4 8. h3 Bc8 9. e5 Ng8 10. Qc2 e6 11. Nbd2 d5 12. c4 Ne7 13. a3 a5 14. cxd5 exd5 15. Nb1 Qb6 16. Be3 Na6 17. Nc3 Nc7 18. g4 h5 19. f5 hxg4 {½-½ Mazurov,A (1553)-Gorshkov,A (2093) Moscow op-B 2009 (3)}) 5... Bg4 6. Nbd2 e5 7. h3 Bh5 8. Qb3 Nbd7 9. Nh4 Bg6 10. Nxg6 hxg6 11. Nf3 Qb6 12. Be3 Qxb3 13. axb3 a6 14. Ke2 Be7 15. Ra5 Bd8 16. Ra3 O-O 17. Rd1 Bc7 18. Nh4 Rae8 19. f3 d5 20. dxe5 Bxe5 21. f4 Bd6 22. Ra4 dxe4 23. Bxa6 Bc5 24. Bxb7 Bxe3 25. Kxe3 Nc5 26. Bxc6 Nxa4 27. bxa4 Rb8 28. Rd2 Rfd8 29. Rxd8+ Rxd8 30. Bb5 Rd1 31. a5 Rd5 32. c4 Rd3+ 33. Ke2 Rb3 34. a6 Rxb2+ 35. Ke3 Kf8 36. Bc6 Ra2 37. Bb7 Ke7 38. Kd4 Kd6 39. c5+ Kc7 40. g4 Ra4+ 41. Ke3 Ra3+ 42. Kd4 e3 43. Bf3 Rxa6 44. Kxe3 Ra3+ 45. Kd4 Ra4+ 46. Ke3 Nd7 47. c6 Nb6 48. Ng2 Nc4+ 49. Kf2 Ra2+ 50. Ke1 Ra1+ 51. Kf2 Na5 52. Bd5 f6 53. Nh4 Nxc6 54. Bxc6 Kxc6 55. Nxg6 Ra3 56. Kg2 Kd6 57. Nh4 Ke6 58. Nf3 Kd5 59. Nh4 Ke4 60. f5 Kf4 61. Ng6+ Kg5 62. Kh2 Re3 63. Kg2 Ra3 64. Kh2 Rb3 1/2-1/2

[Event "45th Olympiad 2024"]
[Site "Budapest HUN"]
[Date "2024.09.14"]
[Round "4.89"]
[Board "2"]
[White "Mahendra Gurung"]
[Black "Carbonell, Nicolas"]
[Result "0-1"]
[WhiteElo "1725"]
[BlackElo "1798"]
[PlyCount "124"]
[EventDate "2024.09.11"]
[WhiteTeam "Bhutan"]
[BlackTeam "Burkina Faso"]
[WhiteTeamCountry "BTN"]
[BlackTeamCountry "BUR"]

1. e4 e5 2. Nf3 Nf6 3. Nc3 d5 4. d4 exd4 ({RR} 4... dxe4 5. Nxe5 Bd6 6. Bc4 Bxe5 7. dxe5 Qxd1+ 8. Nxd1 Ng4 9. e6 Bxe6 10. Bxe6 fxe6 11. h3 Nf6 12. O-O Nc6 13. b3 O-O-O 14. Re1 h6 15. Bb2 e5 16. Ne3 Rd2 17. Bc3 Rd7 18. Nc4 Re8 19. Rad1 {0-1 Bolourchifard,F (2292)-Gadimbayli,A (2492) Titled Tue 19th Sep Late 2023 (9)}) 5. Qxd4 Nc6 6. Bb5 Be6 $146 ({RR} 6... Bd7 7. Bxc6 Bxc6 8. exd5 Nxd5 9. O-O Be7 10. Qxg7 Rf8 11. Re1 Qd6 12. Bg5 O-O-O 13. Bxe7 Nxe7 14. Rad1 Qg6 15. Rxd8+ Rxd8 16. Qxg6 Nxg6 17. Ng5 Rg8 18. Re3 Nh4 19. Rg3 Nf5 20. Nxh7 Nxg3 21. hxg3 {½-½ Sekulovic,D (1754)-Kovacevic,R (2100) SRB-ch sf (Women) 2016 (1)}) 7. Bg5 dxe4 8. Qxd8+ Rxd8 9. Nxe4 Be7 10. Bxf6 gxf6 11. O-O O-O 12. c3 Bf5 13. Rfe1 a6 14. Bxc6 bxc6 15. Nd4 Bd7 16. b4 Rfe8 17. Ng3 c5 18. Ndf5 Bf8 19. a3 Re5 20. Rxe5 fxe5 21. Rd1 f6 22. h3 Kf7 23. f3 Ke8 24. h4 Rb8 25. Ne3 cxb4 26. axb4 c6 27. Ne4 Be7 28. Nc4 Be6 29. Ncd6+ Kf8 30. Nc5 Bc8 31. g4 Kg7 32. Nxc8 Bxc5+ 33. bxc5 Rxc8 34. Rd7+ Kg6 35. Ra7 h5 36. Kf2 hxg4 37. fxg4 f5 38. gxf5+ Kxf5 39. Ke3 Rh8 40. Rxa6 Rh6 41. Ra4 Rg6 42. Kf3 Rg1 43. Kf2 Rg6 44. Kf3 Rg1 45. Rb4 Rc1 46. Rc4 e4+ 47. Ke3 Re1+ 48. Kd2 Rh1 49. Rd4 Rh2+ 50. Ke3 Rh3+ 51. Kd2 Rh2+ 52. Ke1 Kf4 53. Kf1 Kf3 54. Ke1 e3 55. Kd1 Rh1+ 56. Kc2 e2 57. Rd3+ Ke4 58. Rd4+ Ke5 59. Rd8 e1=Q 60. Re8+ Kd5 61. Rxe1 Rxe1 62. Kd3 Rh1 0-1

[Event "45th Olympiad 2024"]
[Site "Budapest HUN"]
[Date "2024.09.14"]
[Round "4.89"]
[Board "4"]
[White "Lhundrup M Dorji"]
[Black "Lompo, Boammani Aser"]
[Result "1-0"]
[WhiteElo "1715"]
[BlackElo "1567"]
[PlyCount "37"]
[EventDate "2024.09.11"]
[WhiteTeam "Bhutan"]
[BlackTeam "Burkina Faso"]
[WhiteTeamCountry "BTN"]
[BlackTeamCountry "BUR"]

1. e4 c6 2. d4 d5 3. exd5 cxd5 4. Bd3 Nc6 5. c3 Nf6 6. h3 e6 7. Bf4 Bd6 8. Bxd6 Qxd6 9. Nf3 Bd7 ({RR} 9... O-O 10. O-O Bd7 11. Nbd2 a6 12. Re1 b5 13. b4 Qf4 14. Nb3 Ne4 15. Qc1 Qxc1 16. Rexc1 f5 17. Nc5 Nxc5 18. bxc5 Rfe8 19. Re1 b4 20. c4 dxc4 21. Bxc4 Na5 22. Bb3 Nxb3 23. axb3 Bc6 24. Ne5 {½-½ Kiefhaber,V (2215)-Grund,H (2335) Hofmann Cup Baden-Baden rapid 1995 (1)}) 10. Nbd2 ({RR} 10. O-O O-O-O 11. Nbd2 h6 12. b4 e5 13. b5 Nxd4 14. cxd4 e4 15. Ne5 exd3 16. Nxf7 Qf4 17. Nxh8 Rxh8 18. a4 g5 19. Nf3 g4 20. Qc1+ Qxc1 21. Raxc1+ Kd8 22. Ne5 Rg8 23. hxg4 Bxg4 24. f3 Bf5 {1-0 Gonzalez Mompie,R (2070)-Mendoza Novo,G (1865) 57th Capablanca Mem Open 2024 (4.53)}) 10... Kd8 $146 ({RR} 10... O-O 11. O-O a6 12. Re1 Qc7 13. Ne5 Na7 14. Nxd7 Qxd7 15. Nf3 Nc6 16. Ne5 Qc7 17. Re3 Nd7 18. f4 f5 19. Nxd7 Qxd7 20. Qd2 Rae8 21. Rae1 Rf6 22. Qf2 Nd8 23. g4 fxg4 24. hxg4 Ref8 25. f5 {0-1 Vildanov,R-Mironov,V Belyaev Memorial 06th 2006 (7)}) ({RR} 10... Rc8 11. O-O O-O 12. Re1 a6 13. Ne5 Na5 14. Nxd7 Qxd7 {½-½ Khademi,M (2082)-Barzigar Touchahi,B Asia-ch U16 Teheran 2004 (3)}) 11. O-O e5 12. dxe5 Nxe5 13. Nxe5 Qxe5 14. Nf3 Qf4 15. Re1 h6 16. Ne5 Be6 17. Qb3 Kc7 18. g3 Qg5 19. Nxf7 1-0

[Event "45th Olympiad 2024"]
[Site "Budapest HUN"]
[Date "2024.09.14"]
[Round "4.90"]
[Board "3"]
[White "Abdou, Mohamed"]
[Black "Mbongeni, Mabuza"]
[Result "1/2-1/2"]
[WhiteElo "1782"]
[BlackElo "1784"]
[PlyCount "60"]
[EventDate "2024.09.11"]
[WhiteTeam "Comoros Islands"]
[BlackTeam "Eswatini"]

1. d4 Nf6 2. Bf4 d5 3. e3 e6 4. Nf3 Bd6 5. Bg3 O-O 6. Bd3 c5 7. c3 Nc6 8. Nbd2 a6 ({RR} 8... Bxg3 9. hxg3 h6 10. dxc5 e5 11. Bb5 Qe7 12. Bxc6 bxc6 13. Qa4 Bd7 14. Qa5 e4 15. Nd4 Ng4 16. b4 Qe5 {½-½ Aghamaliyev,C (2479)-Romanishin,O (2532) Hoogeveen Essent op 2008 (9)}) 9. e4 $146 ({RR} 9. a4 Qe7 10. Ne5 Bxe5 11. dxe5 Nd7 12. f4 f6 13. O-O b6 14. Qe2 Bb7 15. Nf3 c4 16. Bc2 b5 17. Nd4 b4 18. Bh4 b3 19. Bb1 Qe8 20. exf6 Nxf6 21. e4 Nxd4 22. cxd4 Nxe4 23. Bxe4 dxe4 {½-½ Rackowiak,H (1987)-Schilling,R (1744) Potsdam Christmas 34th 2009 (5.15)}) ({RR} 9. Qe2 b5 10. Rd1 c4 11. Bb1 b4 12. e4 bxc3 13. bxc3 Be7 14. e5 Nd7 15. h4 Qa5 16. Bxh7+ Kxh7 17. Ng5+ Bxg5 18. hxg5+ Kg8 19. Qh5 f5 20. g6 Qxc3 21. Qh7# {1-0 Panda,S (2404)-Subramanian,A (2013) Titled Tue 16th Jan Early 2024 (3)}) ({RR} 9. O-O b5 10. Qe2 c4 11. Bc2 b4 12. e4 Bxg3 13. hxg3 g6 14. e5 Ne8 15. Qe3 Kg7 16. Nh2 h5 17. Ndf3 Rb8 18. g4 Rh8 19. g3 bxc3 20. bxc3 Rb2 21. Qc1 Rb8 22. Kg2 Nc7 23. Rh1 Nb5 {1-0 Chudinovskikh,A (2221)-Isayeva,E (1832) Liberec op 17th 2017 (4)}) 9... dxe4 10. Nxe4 Nxe4 11. Bxe4 f5 12. Bxc6 bxc6 13. Be5 cxd4 14. Qxd4 Bxe5 15. Qxe5 Qb6 16. Rb1 c5 17. O-O Bb7 18. Ng5 Bd5 19. b3 Qc6 20. f3 c4 21. b4 f4 22. Nh3 Rf5 23. Qe2 Re8 24. Rfe1 e5 25. Nf2 e4 26. fxe4 Bxe4 27. Rbd1 Rfe5 28. Nxe4 Rxe4 29. Qd2 Qb6+ 30. Kh1 Qe6 1/2-1/2

[Event "45th Olympiad 2024"]
[Site "Budapest HUN"]
[Date "2024.09.14"]
[Round "4.91"]
[Board "1"]
[White "Ferguson, Joseph"]
[Black "El, Rozak"]
[Result "1-0"]
[WhiteElo "1797"]
[BlackElo "1514"]
[PlyCount "117"]
[EventDate "2024.09.11"]
[WhiteTeam "Bahamas"]
[BlackTeam "Cambodia"]
[WhiteTeamCountry "BAH"]
[BlackTeamCountry "CMB"]

1. f4 d5 2. Nf3 g6 3. e3 Nf6 4. b3 Bg7 5. Bb2 Bg4 6. Be2 O-O 7. O-O c6 ({RR} 7... a5 8. a4 c6 9. d3 Nbd7 10. Ne5 Bxe2 11. Qxe2 Ne8 12. Nxd7 Bxb2 13. Ra2 Qxd7 14. Rxb2 Nd6 {½-½ Malaniuk,V (2563)-Miroshnichenko,E (2696) Zuerich Jubilee op 2009 (7)}) ({RR} 7... Bxf3 8. Bxf3 Nbd7 9. c4 c6 10. Nc3 dxc4 11. bxc4 e5 12. d4 exf4 13. exf4 Qc7 14. g3 Rfd8 15. Qb3 Nf8 16. Rfd1 Ne6 17. Ne2 Rd7 18. Rac1 Qa5 19. Bc3 Qf5 20. d5 cxd5 21. cxd5 Nf8 22. Kg2 {1-0 Stanciu,A (1851)-Obada,E (2106) ch-ROU Women 2023 (9.5)}) 8. Ng5 $146 ({RR} 8. h3 Bxf3 9. Bxf3 Nbd7 10. Qe2 Qc7 11. d4 e6 12. Nd2 Rfd8 13. c4 Nf8 14. g4 h6 15. Bg2 N8h7 16. a4 a5 17. Rac1 Bf8 18. c5 Bg7 19. h4 Re8 20. Bf3 g5 21. Qh2 Red8 22. Kg2 Rac8 {1-0 Sobol,A (2162)-Kuznetsov,F (1981) RUS-ch Seniors 2008 (2)}) ({RR} 8. d3 Nbd7 9. Nbd2 Ne8 10. Bxg7 Nxg7 11. Ng5 Bxe2 12. Qxe2 e6 13. Kh1 Qe7 14. Qg4 Nf6 15. Qh4 Nf5 16. Qh3 h6 17. e4 hxg5 18. fxg5 Nh7 19. exf5 Nxg5 20. f6 {1-0 Ferguson,J (1732)-Whyms,C (1623) BAH-ch Nassau 2010 (3)}) ({RR} 8. c4 Qb6 9. Nc3 Nbd7 10. cxd5 cxd5 11. h3 Bxf3 12. Bxf3 e6 13. Rc1 Rfc8 14. Na4 Qa5 15. Bd4 Ne8 16. Bxg7 Nxg7 17. Rc2 Nf5 18. Qb1 b5 19. Nc5 Nxc5 20. b4 Qb6 21. Rfc1 a5 22. Rxc5 Rxc5 {0-1 Heyken,E (2450)-Hansen,L (2540) Elekes Memorial 1989}) 8... Bxe2 9. Qxe2 Nbd7 10. d3 Re8 11. Nd2 a5 12. a4 h6 13. Ngf3 Qc7 14. Ne5 Nc5 15. Ba3 Na6 16. Rab1 Rad8 17. Ng4 Nh7 18. Bb2 Bxb2 19. Rxb2 Kg7 20. Qf2 Qb6 21. f5 Rf8 22. f6+ exf6 23. Nxf6 Qc5 24. c4 Nb4 25. d4 Qe7 26. Nxh7 Kxh7 27. Qe2 f5 28. Nf3 c5 29. Ne5 cxd4 30. exd4 Nc6 31. Nxc6 Qxe2 32. Rxe2 bxc6 33. Re7+ Kg8 34. Re6 Kf7 35. Rxc6 dxc4 36. Rxc4 Rd5 37. b4 axb4 38. Rxb4 Rfd8 39. Rd1 Kf6 40. Kf2 f4 41. Kf3 Kf5 42. Rb5 g5 43. g4+ fxg3 44. hxg3 h5 45. Rdb1 Ke6 46. Rxd5 Rxd5 47. Ke4 Ra5 48. Rb5 Rxa4 49. Rxg5 Ra3 50. Kf4 Rd3 51. d5+ Rxd5 52. Rxd5 Kxd5 53. Kg5 Ke6 54. Kxh5 Kf7 55. Kh6 Kg8 56. Kg6 Kh8 57. g4 Kg8 58. g5 Kh8 59. Kf7 1-0

[Event "45th Olympiad 2024"]
[Site "Budapest HUN"]
[Date "2024.09.14"]
[Round "4.92"]
[Board "2"]
[White "Roberts, Gennard"]
[Black "Matthew Bailey"]
[Result "0-1"]
[WhiteElo "1582"]
[BlackElo "1548"]
[PlyCount "94"]
[EventDate "2024.09.11"]
[WhiteTeam "Grenada"]
[BlackTeam "Antigua and Barbuda"]
[WhiteTeamCountry "GRA"]

1. e4 c6 2. Nf3 d5 3. Nc3 Bg4 4. Be2 e6 5. d4 Bb4 ({RR} 5... Nd7 6. O-O dxe4 7. Nxe4 Ngf6 8. Nxf6+ Nxf6 9. h3 Bh5 10. c4 Be7 11. Bf4 O-O 12. a3 h6 13. Re1 Qb6 14. Qd2 a5 15. g4 Bg6 16. Ne5 {½-½ Andreikin,D (2686)-Dreev,A (2697) RUS-chT 18th 2011 (8)}) 6. Ng5 $146 ({RR} 6. exd5 Bxc3+ 7. bxc3 cxd5 8. Ne5 Bxe2 9. Qxe2 Qc7 10. Qd3 f6 11. Nf3 Ne7 12. O-O Nbc6 13. Re1 e5 14. Nd2 O-O 15. c4 Nxd4 16. Bb2 dxc4 17. Nxc4 Rfd8 18. Ne3 Nf3+ 19. gxf3 Rxd3 20. cxd3 Rd8 {0-1 De Jong,J-Zomer,A NED-ch U16 Girls 2001 (1)}) ({RR} 6. O-O Bxc3 7. bxc3 dxe4 8. Ne5 Bf5 9. f3 exf3 10. Bxf3 Nd7 11. Qe2 Ne7 12. Rb1 Nb6 13. g4 Bg6 14. h4 f6 15. Nxg6 hxg6 16. Qxe6 Qd7 17. Qxd7+ Kxd7 18. h5 g5 19. c4 Kc7 20. c5 Nd7 {½-½ Rogge,P (2239)-Patil,H (2130) Bruges Masters Open 2024 (6.11)}) ({RR} 6. O-O Nf6 7. e5 Nfd7 8. Bg5 Be7 9. Bxe7 Qxe7 10. h3 Bxf3 11. Bxf3 a6 12. Ne2 c5 13. c4 dxc4 14. Bxb7 Ra7 15. Be4 cxd4 16. Qxd4 Qc5 17. f4 O-O 18. Rac1 Rc7 19. Rc2 Qxd4+ 20. Nxd4 Nb6 {½-½ Strbac,M (2236)-Vukic,R (2342) Zrenjanin 2012 (3)}) 6... Bxe2 7. Qxe2 h6 8. Qh5 g6 9. Qh3 dxe4 10. O-O Bxc3 11. bxc3 Qd5 12. Re1 Nf6 13. f3 exf3 14. Nxe6 fxe6 15. Rxe6+ Kf7 16. Re5 Qd7 17. Qxf3 Qg4 18. Ba3 Qxf3 19. Re7+ Kg8 20. gxf3 Nbd7 21. Rb1 b6 22. Re6 Rc8 23. Kf2 Rh7 24. Rg1 Rg7 25. Rge1 Rf7 26. Bc1 Kg7 27. c4 Nf8 28. Re7 Rc7 29. R7e2 g5 30. h3 Ng6 31. Bb2 Kh7 32. Rd1 Nf4 33. Red2 Nxh3+ 34. Kg3 Nf4 35. d5 cxd5 36. Bxf6 Rxf6 37. cxd5 Rd6 38. Re1 Rxd5 39. Rxd5 Nxd5 40. Re2 Re7 41. Rd2 Nf4 42. Kg4 Kg6 43. Rd6+ Re6 44. Rd7 h5+ 45. Kg3 Re2 46. Rd6+ Kf5 47. Rd5+ Nxd5 0-1

[Event "45th Olympiad 2024"]
[Site "Budapest HUN"]
[Date "2024.09.15"]
[Round "5.1"]
[Board "2"]
[White "Abasov, Nijat"]
[Black "Praggnanandhaa, R."]
[Result "1/2-1/2"]
[WhiteElo "2626"]
[BlackElo "2750"]
[PlyCount "68"]
[EventDate "2024.09.11"]
[WhiteTeam "Azerbaijan"]
[BlackTeam "India"]
[WhiteTeamCountry "AZE"]
[BlackTeamCountry "IND"]

1. d4 d5 2. Nf3 Nf6 3. Bf4 c5 4. e3 Nc6 5. Nbd2 cxd4 6. exd4 a6 7. Nb3 $146 ({RR} 7. Bd3 Nb4 8. Be2 Bf5 9. O-O Nxc2 10. Rc1 Nb4 11. a3 Nc6 12. Ne5 Rc8 13. Nxc6 Rxc6 14. Rxc6 bxc6 15. Bxa6 Qb6 16. Qa4 e6 17. Rc1 Qxb2 18. Qxc6+ Nd7 19. Bc8 e5 20. dxe5 Bxa3 21. Re1 Be6 {1-0 Wan,J (2106)-Fiorito,F (2357) Titled Tuesday intern op 15th Feb Late blitz 2022 (4)}) ({RR} 7. c3 Bg4 8. Qb3 Na5 9. Qc2 e6 10. Bd3 Be7 11. Ne5 Bh5 12. O-O O-O 13. Rfe1 Rc8 14. Bg5 Nc6 15. Bxf6 Bxf6 16. Bxh7+ Kh8 17. Bd3 Nxd4 18. Qa4 Nc6 19. Nxc6 Rxc6 20. Re2 Bxe2 21. Bxe2 g6 {0-1 So,W (2770)-Aronian,L (2781) NIC Classic KO rapid 2021 (1.11)}) ({RR} 7. Bd3 Bg4 8. c3 e6 9. Qb3 Bd6 10. Bxd6 Qxd6 11. O-O O-O 12. a4 g6 13. Rfe1 Bf5 14. Bf1 Qc7 15. Qa3 Kg7 16. a5 Ne4 17. Nxe4 Bxe4 18. Nd2 Bf5 19. Nb3 h5 20. Nc5 h4 21. h3 Rab8 {1-0 Dubov,D (2708)-Van Foreest,J (2682) Titled Tue 9th Jan Late 2024 (7)}) ({RR} 7. a4 Bf5 8. c3 e6 9. Be2 Bd6 10. Bg3 O-O 11. O-O h6 12. Re1 Ne4 13. Nxe4 Bxe4 14. Nd2 Bg6 15. Nb3 Bxg3 16. hxg3 a5 17. Bb5 Ne7 18. Nc5 Qc7 19. Nd7 Rfd8 20. Ne5 Bh7 21. Qf3 Ng6 {0-1 Rian,K (2089)-Graif,W (2305) Titled Tue 31st Jan Late 2023 (6)}) 7... Bf5 8. Bd3 Bxd3 9. Qxd3 e6 10. O-O Bd6 11. Bxd6 Qxd6 12. Rfe1 O-O 13. Ne5 Qc7 14. c3 Ne4 15. Nd2 Nxe5 16. dxe5 Nxd2 17. Qxd2 Rfc8 18. Re3 Qe7 19. Rg3 Rc4 20. Re1 b5 21. b3 Rc6 22. Qd4 Rac8 23. h4 a5 24. h5 h6 25. Ree3 b4 26. Qg4 Qf8 27. cxb4 axb4 28. Qf4 Kh8 29. Rg4 Rc1+ 30. Kh2 R1c2 31. Rf3 R8c7 32. Rg6 Qg8 33. Rxh6+ gxh6 34. Qxh6+ Qh7 1/2-1/2

[Event "45th Olympiad 2024"]
[Site "Budapest HUN"]
[Date "2024.09.15"]
[Round "5.2"]
[Board "2"]
[White "Sjugirov, Sanan"]
[Black "Ponomariov, Ruslan"]
[Result "1/2-1/2"]
[WhiteElo "2644"]
[BlackElo "2654"]
[PlyCount "60"]
[EventDate "2024.09.11"]
[WhiteTeam "Hungary"]
[BlackTeam "Ukraine"]
[WhiteTeamCountry "HUN"]
[BlackTeamCountry "UKR"]

1. e4 e5 2. Nf3 Nc6 3. Bb5 Nf6 4. d3 Bc5 5. O-O Nd4 6. Nxd4 Bxd4 7. Nd2 O-O 8. c3 Bb6 9. Nc4 ({RR} 9. Nf3 c6 10. Ba4 Re8 11. Re1 h6 12. Be3 d5 13. exd5 Nxd5 14. Bxb6 axb6 15. Bc2 Bg4 16. h3 Bh5 17. g4 Bg6 18. Nxe5 Nf4 19. Qf3 Qg5 20. Nxg6 Nxg6 21. d4 Nh4 22. Qd3 g6 23. a3 Qf4 {1-0 Khamdamova,A (2327)-Carrasco Miranda,A (2247) Titled Tue 19th Mar Early 2024 (10)}) 9... d5 10. exd5 Qxd5 11. a4 $146 ({RR} 11. Nxb6 axb6 12. Bc4 Qd6 13. Bg5 h6 14. Bh4 Bg4 15. Qd2 Nh5 16. Rfe1 Rfe8 17. Qe3 Be6 18. Qxe5 Qxe5 19. Rxe5 Bxc4 20. Rxe8+ Rxe8 21. dxc4 g5 22. Bg3 Nxg3 23. hxg3 Re2 24. Rd1 Rxb2 25. Rd7 Rxa2 {½-½ Andriasian,Z (2621)-Pashikian,A (2607) ARM-ch 1st League 79th 2017 (8)}) ({RR} 11. Nxb6 axb6 12. Bc4 Qd6 13. Bg5 Bg4 14. Qe1 Rfe8 15. Bxf6 Qxf6 16. Qe4 Qg6 17. Rfe1 Qxe4 18. dxe4 Rad8 19. f3 Be6 20. Bxe6 Rxe6 21. Rad1 Red6 22. Rxd6 Rxd6 23. Kf2 Rd2+ 24. Re2 Rd1 25. Re1 Rd2+ {½-½ Zhigalko,A (2545)-Ragger,M (2687) Wch Rapid St Petersburg 2018 (3)}) 11... Bc5 12. Re1 Ng4 13. Ne3 Bxe3 14. Bxe3 Qd6 15. h3 Nxe3 16. Rxe3 Be6 17. Qe2 c6 18. Bc4 Bxc4 19. dxc4 f6 20. Rd1 Qc7 21. f4 Rae8 22. c5 Re7 23. fxe5 Rxe5 24. Rxe5 Qxe5 25. Qxe5 fxe5 26. b4 a5 27. Rd7 Rf7 28. Rd8+ Rf8 29. Rd7 Rf7 30. Rd8+ Rf8 1/2-1/2